000 00331nam a2200133Ia 4500
005 20251222144707.0
008 251222s9999||||xx |||||||||||||| ||spa||
020 _a9788496921597
082 _a616.4/L31
245 0 _aManual de EndocrinologĂ­a y Metabolismo
250 _a4ta.ed.
264 _bWolters Kluwer Health
942 _cLIB
999 _c17669
_d17669